| 000 | 00501nam a2200181 i 4500 | ||
|---|---|---|---|
| 001 | 2265986 | ||
| 005 | 20250127110233.0 | ||
| 008 | 790530s1979 ilua b 000 0 eng | ||
| 020 |
_a0891911677 : _c$3.95 |
||
| 050 | 0 | 0 |
_aHQ755.8 _b.P42 |
| 082 | 0 | 0 | _a301.42/7 |
| 100 | 1 | _aPedrick, Bob. | |
| 245 | 1 | 4 |
_aThe confident parent / _cBob Pedrick. |
| 260 |
_aElgin, Ill. : _bD.C. Cook Pub. Co., _cc1979. |
||
| 300 |
_a147 p. : _bdiagrs. ; _c21 cm. |
||
| 650 | 0 |
_aParenting _zUnited States. |
|
| 942 |
_2lcc _cBK _n0 |
||
| 999 |
_c3096 _d3096 |
||